000 00642nam a2200217 4500
003 OSt
005 20240703025730.0
006 a
008 240703b |||||||| |||| 00| 0 eng d
020 _a9789710445028
040 _aDWCL-Main lib.
_cOC
082 _aFil. 001.3 M321i 2006
100 _aMarcos, Lucivilla L.
245 _aIntroduction to the humanities, visual and performing arts /
260 _aMakati City :
_bMindshapers Co., Inc.,
_cc2006.
300 _aviii,
_b166 p. : ill. ;
_c22 cm.
504 _aIncludes bibliographical references
650 _a1. Humanities.
650 _a2. Arts.
942 _2ddc
_n0
_cBK - FIL
_kFil.
999 _c1860
_d1860